000 00477nam a2200193Ia 4500
001 14235
003 GE_BSU
008 181216s||||||||xx |||||||||||||| ||und||
040 _cGE_BSU
080 _a82-93
245 _aStories for Under-Fives.
245 _cEdited by Sara & Stefhen Corrin. Illustrated by Shirley Hughes.
260 _aNew York
260 _bPuffin books
260 _c1979
300 _a126p.ill.20cm.
653 _aStories for Under-Fives.
942 _cBK
999 _c47373
_d47373